| 000 | 00416nam a2200181Ia 4500 | ||
|---|---|---|---|
| 005 | 20240823032128.0 | ||
| 008 | 240823s9999||||xx |||||||||||||| ||und|| | ||
| 041 | _aENGLISH | ||
| 082 | _A809.3876 P7 | ||
| 100 | _aNarayanan T T | ||
| 245 | 0 | _aUyirkalai Thaedi thaedi | |
| 250 | _a1st | ||
| 260 |
_c2007 _b"Narmata,Chennai" |
||
| 500 | _aYES | ||
| 650 |
_aTamil Book _bGeneral |
||
| 942 | _cBK | ||
| 999 |
_c192715 _d192715 |
||